Statistics for Biggest Cities In Latin America - Extreme

Click here to take the quiz!

General Stats

  • This quiz has been taken 82 times
  • The average score is 49 of 79

Answer Stats

TotalCity% Correct
24,90 milMexico City
100%
11,60 milLima
97%
8,05 milSantiago
97%
16,70 milBuenos Aires
95%
3,80 milCaracas
95%
13,40 milRio de Janeiro
95%
23,10 milSão Paulo
95%
10,20 milBogotá
93%
4,19 milBrasília
92%
4,22 milMedellín
92%
1,64 milPanama City
92%
2,92 milCali
90%
5,76 milGuadalajara
90%
2,42 milSan José
90%
2,34 milManaus
89%
5,85 milMonterrey
89%
2,88 milQuito
89%
2,22 milLa Paz
85%
1,39 milManagua
85%
1,88 milMontevideo
85%
2,49 milAsunción
84%
3,33 milGuatemala City
84%
3,92 milRecife
84%
1,93 milSan Salvador
84%
2,21 milTijuana
84%
1,77 milCórdoba
82%
2,23 milHavana
82%
4,17 milSanto Domingo
82%
1,21 milTegucigalpa
82%
4,20 milPorto Alegre
80%
3,27 milGuayaquil
79%
4,14 milPuebla
79%
3,72 milSalvador
79%
5,15 milBelo Horizonte
77%
2,27 milBarranquilla
75%
3,77 milFortaleza
74%
3,51 milPort-au-Prince
74%
2,27 milBelém
70%
3,55 milCuritiba
67%
1,42 milRosario
67%
1,20 milCartagena
64%
1,60 milCiudad Juárez
64%
2,32 milSanta Cruz
64%
1,07 milCancún
62%
2,75 milMaracaibo
62%
1,32 milMérida
62%
1,91 milSan Juan
62%
1,05 milValparaíso
61%
1,17 milArequipa
56%
2,22 milLeón
56%
1,09 milMendoza
52%
1,46 milNatal
51%
3,32 milCampinas
49%
2,07 milValencia
49%
1,29 milSan Pedro Sula
46%
2,55 milGoiânia
44%
1,47 milSão Luís
43%
1,04 milChihuahua
38%
1,07 milFlorianópolis
36%
1,33 milBucaramanga
31%
1,44 milCochabamba
31%
1,81 milSantos
31%
2,64 milToluca
31%
1,05 milTucumán
30%
1,93 milVitória
30%
1,34 milBarquisimeto
28%
1,36 milSan Luis Potosí
28%
1,46 milMaracay
26%
1,66 milQuerétaro
26%
1,20 milAguascalientes
25%
1,16 milJoão Pessoa
23%
1,14 milMaceió
23%
1,40 milTorreón
21%
1,05 milTeresina
20%
1,06 milCúcuta
16%
1,01 milAracaju
15%
1,20 milCuernavaca
13%
1,08 milSaltillo
10%
1,02 milMorélia
5%

Score Distribution

Percentile by Number Answered

Percent of People with Each Score

Your Score History

You have not taken this quiz